00506nam a22001577a 4500003000400000005001700004008004100021020001500062040002100077050002200098100002400120245006400144260007400208300002300282700004300305OSt20220707091650.0220707b ||||| |||| 00| 0 eng d a0195730313 cALUPE UNIVERSITY aPL8700b.B35 2003 aBakhressa, Salim K. aKiswahili Sanifu :bMwongozo wa Mwalimu.cSalim K Bakhressa aPublished in KenyabOxford University Press, East Africa Ltd.cc2003. avi, 146p. ;c21cm. aIslam, Islam k. , Waititu, Francis G.